<?xml version="1.0" encoding="UTF-8"?><?xml-stylesheet type="text/xsl" href="static/style.xsl"?><OAI-PMH xmlns="http://www.openarchives.org/OAI/2.0/" xmlns:xsi="http://www.w3.org/2001/XMLSchema-instance" xsi:schemaLocation="http://www.openarchives.org/OAI/2.0/ http://www.openarchives.org/OAI/2.0/OAI-PMH.xsd"><responseDate>2026-04-14T19:29:48Z</responseDate><request verb="GetRecord" identifier="oai:uvadoc.uva.es:10324/28202" metadataPrefix="marc">https://uvadoc.uva.es/oai/request</request><GetRecord><record><header><identifier>oai:uvadoc.uva.es:10324/28202</identifier><datestamp>2021-06-29T19:51:13Z</datestamp><setSpec>com_10324_38</setSpec><setSpec>col_10324_852</setSpec></header><metadata><record xmlns="http://www.loc.gov/MARC21/slim" xmlns:doc="http://www.lyncode.com/xoai" xmlns:xsi="http://www.w3.org/2001/XMLSchema-instance" xmlns:dcterms="http://purl.org/dc/terms/" xsi:schemaLocation="http://www.loc.gov/MARC21/slim http://www.loc.gov/standards/marcxml/schema/MARC21slim.xsd">
<leader>00925njm 22002777a 4500</leader>
<datafield tag="042" ind1=" " ind2=" ">
<subfield code="a">dc</subfield>
</datafield>
<datafield tag="720" ind1=" " ind2=" ">
<subfield code="a">Matos Bodero, Beatriz</subfield>
<subfield code="e">author</subfield>
</datafield>
<datafield tag="260" ind1=" " ind2=" ">
<subfield code="c">2017</subfield>
</datafield>
<datafield tag="520" ind1=" " ind2=" ">
<subfield code="a">Las emociones son la base de desarrollo y percepción de uno mismo.&#xd;
Es trascendental que, desde el nacimiento, las personas sepan aprovecharlas de forma correcta, y para ello, es necesario saber utilizarlas adecuadamente comprendiendo, expresando, controlando y regulando sus manifestaciones.&#xd;
Un aspecto importante que desde muy temprano ayudará a desarrollar estas actitudes es la música, ya que ofrece bienes creativos para adquirir una maduración emocionalmente correcta, además de ser un mecanismo natural de edades tempranas.&#xd;
Así pues, en el Trabajo de Fin de Grado que se expone a continuación se describen las ventajas de combinar ambos aspectos para lograr un aprendizaje significativo en Educación Infantil, utilizando como recurso material la música y, con ello, todas las posibilidades que esta manifiesta para aproximar a los niños a la comprensión y desarrollo de sus propias emociones.</subfield>
</datafield>
<datafield tag="024" ind2=" " ind1="8">
<subfield code="a">http://uvadoc.uva.es/handle/10324/28202</subfield>
</datafield>
<datafield tag="245" ind1="0" ind2="0">
<subfield code="a">Regulación de la tristeza en el aula de Educación Infantil con música</subfield>
</datafield>
</record></metadata></record></GetRecord></OAI-PMH>